=LDR 00000nam 2200000 4500 =001 INLIS000000000039142 =005 20130612144806 =008 ***********************************Ind** =035 ##$$a0010-061300000039142 =041 ##$$a Ind =082 ##$$a 642.5 =090 ##$$a 642.5, Har r =100 ##$$a Harwijaya, Indi =245 ##$$a Rumah makan, rahasia sukses bisnis makanan, Indi Hariwijaya =260 ##$$a 2011 $b Yogyakarta =300 ##$$a 203 hlm, ilus, 19 cm =650 ##$$a Rumah makan =850 ##$$a NBPNMAT =990 ##$$a 0306/PN/2014 =990 ##$$a 21195813/BPAP-NTB/2014